La gobernabilidad (Record no. 156948)
[ view plain ]
| 000 -LEADER | |
|---|---|
| fixed length control field | 00660nam a22002057a 4500 |
| 005 - DATE AND TIME OF LATEST TRANSACTION | |
| control field | 20210727083306.0 |
| 008 - FIXED-LENGTH DATA ELEMENTS--GENERAL INFORMATION | |
| fixed length control field | 210727b sp ||||| |||| 00| 0 spa d |
| 020 ## - INTERNATIONAL STANDARD BOOK NUMBER | |
| International Standard Book Number | 8432307750 |
| 050 04 - LIBRARY OF CONGRESS CALL NUMBER | |
| Classification number | JC423 |
| Item number | A73 1993 |
| 100 1# - MAIN ENTRY--PERSONAL NAME | |
| Personal name | Arbós, Xavier |
| 245 13 - TITLE STATEMENT | |
| Title | La gobernabilidad |
| Remainder of title | : ciudadanía y democracia en la encrucijada mundial |
| Statement of responsibility, etc | / Xavier Arbós y Salvador Giner |
| 250 ## - EDITION STATEMENT | |
| Edition statement | 1a ed. |
| 260 ## - PUBLICATION, DISTRIBUTION, ETC. (IMPRINT) | |
| Place of publication, distribution, etc | Madrid : |
| Name of publisher, distributor, etc | Siglo Veintiuno editores, |
| Date of publication, distribution, etc | 1993 |
| 300 ## - PHYSICAL DESCRIPTION | |
| Extent | ix, 112 p. ; |
| Dimensions | 21 cm. |
| 490 0# - SERIES STATEMENT | |
| Series statement | Sociología y política |
| 504 ## - BIBLIOGRAPHY, ETC. NOTE | |
| Bibliography, etc | Bibliografía : p. 107-112<br/> |
| 650 #7 - SUBJECT ADDED ENTRY--TOPICAL TERM | |
| Source of heading or term | lemb |
| Topical term or geographic name as entry element | Estado |
| General subdivision | Democracia |
| 700 1# - ADDED ENTRY--PERSONAL NAME | |
| Personal name | Giner, Salvador |
| Relator term | autor |
| 942 ## - ADDED ENTRY ELEMENTS (KOHA) | |
| Source of classification or shelving scheme | Biblioteca del Cogreso de los Estados Unidos |
| Koha item type | Libro |
| Estado de pérdida | Fuente de clasificación | Estado del daño | No para préstamo | Ubicación permanente | Ubicación actual | Apartado o colección | Fecha de adquisición | Edición | Dependencia de educación superior (DES) | Área del conocimiento | Total Checkouts | Clasificación | Código de Barras | Date last seen | Número de copia | Costo por reposición | Tipo de recurso |
|---|---|---|---|---|---|---|---|---|---|---|---|---|---|---|---|---|---|
| Biblioteca del Cogreso de los Estados Unidos | Biblioteca del Posgrado en Derecho | Biblioteca del Posgrado en Derecho | Colección Ernesto Villanueva | 27/07/2021 | 1a ed. | Derecho | Ciencias Sociales y Administrativas | JC423 A73 1993 | BPD000001785 | 27/07/2021 | 1 | 1.00 | Libro |